ICA construcción urbana (Record no. 3489)

MARC details
000 -CABECERA
campo de control de longitud fija 00818nam a2200241 a 4500
001 - NÚMERO DE CONTROL
campo de control BRCA_3760
005 - FECHA Y HORA DE LA ÚLTIMA TRANSACCIÓN
campo de control 20190320204420.0
008 - DATOS DE LONGITUD FIJA--INFORMACIÓN GENERAL
campo de control de longitud fija 061009s1997----mx-a---###---#000-0#spa-#
041 ## - CÓDIGO DE LENGUA
Código de lengua del texto/banda sonora o título independiente spa
044 ## - CÓDIGO DEL PAÍS DE LA ENTIDAD EDITORA/PRODUCTORA
Código MARC del país mx
050 #4 - SIGNATURA TOPOGRÁFICA DE LA BIBLIOTECA DEL CONGRESO
Número de clasificación TA217
Número de documento/Ítem .N48 1997
100 1# - ENTRADA PRINCIPAL--NOMBRE DE PERSONA
Nombre de persona Net, Elizabeth
Fechas asociadas al nombre 1947-
9 (RLIN) 9804
245 10 - MENCIÓN DE TÍTULO
Título ICA construcción urbana
Resto del título 4 grabados del Centro Histórico de la Ciudad de México
Mención de responsabilidad, etc. Elizabeth Net.
260 ## - PUBLICACIÓN, DISTRIBUCIÓN, ETC.
Lugar de publicación, distribución, etc. México
Nombre del editor, distribuidor, etc. ICA
Fecha de publicación, distribución, etc. 1997
300 ## - DESCRIPCIÓN FÍSICA
Extensión 1 v. (sin paginación)
Otras características físicas il., 4 láminas
Dimensiones 43 cm.
500 ## - NOTA GENERAL
Nota general Colección Sonia Corcuera de Mancera
500 ## - NOTA GENERAL
Nota general Por su formato NO se presta a domicilio
610 24 - PUNTO DE ACCESO ADICIONAL DE MATERIA--NOMBRE DE ENTIDAD CORPORATIVA
Nombre de entidad corporativa o nombre de jurisdicción como elemento de entrada Ingenieros Civiles Asociados (firma comercial)
Subdivisión general Historia
9 (RLIN) 9805
651 #4 - PUNTO DE ACCESO ADICIONAL DE MATERIA--NOMBRE GEOGRÁFICO
Nombre geográfico Ciudad de México
Subdivisión general Edificios
9 (RLIN) 9806
651 #4 - PUNTO DE ACCESO ADICIONAL DE MATERIA--NOMBRE GEOGRÁFICO
Nombre geográfico Ciudad de México
Subdivisión general Historia
9 (RLIN) 691
902 ## - CATALOGADOR
Iniciales DSC
942 ## - ELEMENTOS DE PUNTO DE ACCESO ADICIONAL (KOHA)
Fuente del sistema de clasificación o colocación Library of Congress Classification
Tipo de ítem Koha Libros
Holdings
Estado de retiro Estado de pérdida Estado dañado No para préstamo Localización permanente Ubicación/localización actual Fecha de adquisición Total de préstamos Signatura topográfica completa Código de barras Fecha visto por última vez Precio válido a partir de Tipo de ítem Koha
El ejemplar forma parte de la colección y puede ser consultado según las políticas vigentes.       Biblioteca del Museo Franz Mayer (Rogerio Casas-Alatriste) Biblioteca del Museo Franz Mayer (Rogerio Casas-Alatriste) 06/10/2009   TA217 .N48 1997 DSC00080 22/03/2019 22/03/2019 Libros